Sports Quiz

Random Sports or MLB Quiz
Score 0/36 Timer 05:00
1 Play Today
Years as Leader Player % Correct
1921-1935Babe Ruth
97.4%
2002-2007Barry Bonds
91.3%
1972-1976Hank Aaron
84.4%
2011-2016Alex Rodriguez
81%
2017-Albert Pujols
76.1%
1998-2001Mark McGwire
75.4%
1964Mickey Mantle
74.9%
1965-1971Willie Mays
74.1%
1954-1960Ted Williams
70.2%
1936-1939Lou Gehrig
69.7%
2008-2010Ken Griffey Jr.
68.5%
1988-1989Mike Schmidt
60.4%
1983-1987Reggie Jackson
59.2%
1940-1945Jimmie Foxx
56.9%
1948-1951Joe DiMaggio
53.5%
1946-1947Mel Ott
47.3%
1961-1963Stan Musial
46.2%
1990Eddie Murray, Dwight Evans
45.9%
Years as Leader Player % Correct
1995-1997Eddie Murray
44.1%
1977-1980Willie McCovey
42%
1912-1917Honus Wagner
38.7%
1981-1982Willie Stargell
37%
1991-1994Dave Winfield
29%
1880-1881Charley Jones
28.4%
1883-1884Charley Jones
28.4%
1952-1953Johnny Mize
21.1%
1918-1920Gavvy Cravath
8.5%
1887-1888Dan Brouthers
8.2%
1898-1906Sam Thompson
7.9%
1894-1897Roger Connor
7.7%
1907Jake Beckley
3.5%
1876-1879Lip Pike
3.1%
1882Jim O'Rourke
3%
1885-1886Harry Stovey
3%
1889-1893Harry Stovey
3%
1908-1911Bill Dahlen
2.1%

You're not logged in!

Compare scores with friends on all Sporcle quizzes.
OR
Log In

Sporcle TV

Today on Sporcle TV


Watch our educational content, quiz creation guides, and fun videos on Sporcle TV.

Show Comments

Extras

Top Quizzes Today


Score Distribution

Paid Content

Your Account Isn't Verified!

In order to create a playlist on Sporcle, you need to verify the email address you used during registration. Go to your Sporcle Settings to finish the process.

Report this User

Report this user for behavior that violates our Community Guidelines.

Details: